000
00219 a2200085 4500
020
_a
978-3836541060
100
_a
Charlotte Fiell and Peter Fiell
245
_a
Design of the 20th Century
260
_b
Taschen America Llc
_c
2012
999
_c
13225
_d
13225